Регионална библиотека "Любен Каравелов" - Русе

Ботаническа екскурзия (Запис номер 409213)

MARC детайли
000 -Лидер
Контролно поле с фиксирана дължина nam a22 a 4500
003 - Код на организацията, давaща контролен номер
Контролно поле BLK
005 - Дата и час на последна редакция
Контролно поле 20210416163128.0
008 - Елементи от данни с фиксирана дължина
fixed length control field 210416b bu |||||r|||| 00| | bu d
040 ## - Източник на каталожния запис
Идентификатор на билиотеката - собственик на записа BLK
041 ## - Код за език
Код за езика на текст/звукозапис или на отделно заглавие Български
Код за езика КДБФ Български
080 ## - УДК
Текстов определител УДК Ботаника. Вж и 631/635, Ботанически резервати вж 502.7
УДК код - определител по УДК 58
УДК - код + определител 58
139 ## - Редно поле
Редна дума Ботаническа екскурзия
245 ## - Сведения за заглавието
Заглавие Ботаническа екскурзия
Редно поле (дума) Прев. от рус
Подзаглавни данни В помощ на ръководителите в извънкл. работа в у-щата
257 ## - Страна на издаване
Страна на създаване/издаване СССР
260 ## - Област на издателските данни
9 (RLIN) 221241
Място на издаване, разпространение и проч. София
Име на издателя, разпространителя и проч. Мин. на нар. просвета
Година на издаване 1954
300 ## - Физическа характеристика
Страници 32 с.
Илюстрации и др. с ил.
Размери/Мащаб 23 см
380 ## - Жанр
Жанр Естествени науки. Математика
500 ## - Общи забележки
Забележка Изд. на М-во на нар. просв. Отд. Извънучилищни учреждения. 14<br/>7 000 тир
650 #0 - Допълнително описание по предмет – тема
9 (RLIN) 272647
Основно описание – тема или топоним Биологични науки
650 #0 - Допълнително описание по предмет – тема
9 (RLIN) 318122
Основно описание – тема или топоним Екскурзии, ученически
653 #7 - Ключова дума – ненормативна
9 (RLIN) 182340
Ключова дума ботаника
852 ## - Местоположение
Форматна сигнатура Цб 5.230.51379
Фондова буква Основен фонд - ползва се само за читалня
999 ## - СИСТЕМНИ КОНТРОЛНИ НОМЕРА
Koha biblionumber 409213
Koha biblioitemnumber 409213
942 ## - АРТИКУЛИ
Вид на библиотечния материал Книги
Скрит в OPAC Не
Периодичен библиозапис Да
944 ## - СЪЗДАВАНЕ И РЕДАКЦИЯ на ЗАПИСА
Създаване/Редакция Създаване
Дата на регистрацията/редакция 2021-04-16
Служител, извършил регистрацията/редакцията ир
Наличности
Код за отписване Код за изгубен артикул Източник на класификационната схема Код за повреда Коз за рестрикции Код за отдаване Артикулен № Име на библиотеката - собственик Име на библиотеката, в която се намира в момента Статус (Текущо местоположение) Дата на вписване в системата Местоположение - отдел Цена в лева Инвентарен номер Систематично азбучна сигнатура Баркод Цена в евро Служебен тип на артикула
  Не е изгубен Universal Decimal Classification Не е повреден само за читалня ползва се в читалня 824537 Регионална библиотека "Любен Каравелов" Русе Регионална библиотека "Любен Каравелов" Русе Хранилище 2021-04-19 Основен фонд - ползва се само за читалня 0.30 2554/54 Цб 5.230.51379 900000055047 0.15 Книги
Vip Innovations Ltd, Rousse, Bulgaria 2025